000 01107nam a2200301 a 4500
001 12902
003 BD-RjUL
005 20211208235355.0
008 140129r19611960paudaf b 001 0 eng d
035 _a(BD-RjUL)12952
_aCURL 020000189072(Edi) from wsc022
040 _aBD-RjUL
_beng
_cBD-RjUL
041 _aeng
082 0 4 _a612.005
_bMED 1961
245 0 0 _aMedical physiology and biophysics /
_cedited by Theodore C. Ruch and John F. Fulton.
260 _aPhiladelphia, Penn. ;
_aLondon :
_bW. B. Saunders,
_cc1960 [reprinted 1961].
300 _axxii, 1232 p. :
_bill., charts, plates ;
_c26 cm.
500 _a18th ed. of Howell's Textbook of physiology.
504 _aIncludes bibliographical references and index.
650 0 _aPhysiology.
_940206
650 0 _aBiophysics.
_926915
650 2 _aPhysiology.
_940207
650 2 _aBiophysics.
_926915
700 1 _aRuch, Theodore Cedric,
_d1906-
_940208
700 1 _aHowell, William Henry,
_d1860-1945.
_tTextbook of physiology.
_940209
700 1 _aFulton, John F.
_q(John Farquhar),
_d1899-1960
_940210
942 _2ddc
_cBK
999 _c12902
_d12902